[Event "Olomoucke sachove leto GM1"]
[Site "Olomouc"]
[Date "2015.08.16"]
[Round "1.1"]
[White "Nguyen, Thai Dai Van"]
[Black "Repka, Christopher"]
[Result "1-0"]
[WhiteElo "2364"]
[BlackElo "2450"]
[PlyCount "75"]
[EventDate "2015.??.??"]

1. e4 e5 2. Nf3 Nc6 3. Bb5 a6 4. Ba4 Nf6 5. d3 b5 6. Bb3 Bc5 7. O-O O-O 8. Nc3
d6 9. Nd5 h6 10. a3 Be6 11. Be3 Bxd5 12. exd5 Nd4 13. Nxd4 Bxd4 14. Bxd4 exd4
15. Qf3 Nh7 16. Qg4 Qf6 17. Rfe1 Rae8 18. Qd7 Qd8 19. Qxd8 Rxd8 20. a4 Rfe8 21.
Rxe8+ Rxe8 22. axb5 axb5 23. Kf1 Nf6 24. Ra7 Rc8 25. Rb7 Nd7 26. Rxb5 Rb8 27.
Rxb8+ Nxb8 28. Ba4 Na6 29. Ke2 f5 30. Bb5 Nc5 31. b4 Nb7 32. Bd7 g6 33. g4 fxg4
34. Bxg4 h5 35. Be6+ Kg7 36. Kf3 Nd8 37. Ke4 c5 38. dxc6 1-0

[Event "Olomoucke sachove leto GM1"]
[Site "Olomouc"]
[Date "2015.08.16"]
[Round "1.2"]
[White "Rasik, Vitezslav"]
[Black "Marek, Matyas"]
[Result "0-1"]
[WhiteElo "2446"]
[BlackElo "2344"]
[PlyCount "96"]
[EventDate "2015.??.??"]

1. e4 c5 2. Nf3 d6 3. Bb5+ Nd7 4. c3 Ngf6 5. Qe2 a6 6. Ba4 e5 7. O-O Be7 8. d4
b5 9. Bc2 O-O 10. b3 cxd4 11. cxd4 exd4 12. Nxd4 Bb7 13. Bb2 Re8 14. Nd2 Bf8
15. Qf3 Rc8 16. Rad1 Rc5 17. Bb1 Ne5 18. Qg3 Nh5 19. Qe3 Ng4 20. Qf3 Rg5 21. h3
Ne5 22. Qe3 Rg6 23. f4 Nd7 24. Nf5 Nc5 25. Qf3 Nf6 26. Ng3 Qa8 27. f5 Rh6 28.
Rfe1 Nfd7 29. Qf4 Ne5 30. Ndf1 Be7 31. Ne3 Rh4 32. Ng4 h5 33. f6 hxg4 34. fxe7
Ne6 35. Qd2 gxh3 36. Nf5 Rg4 37. Bxe5 Rxg2+ 38. Qxg2 hxg2 39. Bxd6 Ng5 40. Re3
g6 41. Nh6+ Kg7 42. Ng4 f6 43. Bc5 Qc8 44. Rd8 Rxd8 45. exd8=Q Qxd8 46. Nf2 Qd2
47. Kxg2 Qc1 48. Rd3 Bc6 0-1

[Event "Olomoucke sachove leto GM1"]
[Site "Olomouc"]
[Date "2015.08.16"]
[Round "1.3"]
[White "Ioannidis, Evgenios"]
[Black "Zilka, Stepan"]
[Result "0-1"]
[WhiteElo "2362"]
[BlackElo "2508"]
[PlyCount "54"]
[EventDate "2015.??.??"]

1. d4 Nf6 2. c4 e6 3. Nc3 Bb4 4. g3 O-O 5. Bg2 d5 6. Nf3 dxc4 7. O-O Nc6 8. Bg5
h6 9. Bxf6 Qxf6 10. e3 Rb8 11. Nd2 Na5 12. Qc2 b5 13. a3 Bd6 14. a4 bxa4 15.
Rxa4 Bb4 16. Rfa1 Bxc3 17. Qxc3 Nb3 18. Nxb3 Rxb3 19. Qxc4 Rxb2 20. f4 e5 21.
Rxa7 exf4 22. exf4 Qe7 23. Qd3 g6 24. Be4 Re8 25. Bc6 Bf5 26. Qf3 Bb1 27. R1a3
Qe1+ 0-1

[Event "Olomoucke sachove leto GM1"]
[Site "Olomouc"]
[Date "2015.08.16"]
[Round "1.4"]
[White "Yagupov, Igor"]
[Black "Simacek, Pavel"]
[Result "1/2-1/2"]
[WhiteElo "2348"]
[BlackElo "2461"]
[PlyCount "55"]
[EventDate "2015.??.??"]

1. e4 e5 2. Nf3 Nc6 3. d4 exd4 4. Nxd4 Nf6 5. Nxc6 bxc6 6. e5 Qe7 7. Qe2 Nd5 8.
c4 Ba6 9. Nd2 g6 10. Nf3 Bg7 11. Bg5 f6 12. exf6 Qxe2+ 13. Bxe2 Nxf6 14. O-O-O
c5 15. Ne5 Bb7 16. Rhe1 O-O 17. Bf3 Bxf3 18. Nxf3 d6 19. Re7 Rf7 20. Rde1 Kf8
21. Rxf7+ Kxf7 22. Bd2 h6 23. h3 Re8 24. Rxe8 Kxe8 25. Bc3 Nh5 26. Bd2 Nf6 27.
Bc3 Nh5 28. Bd2 1/2-1/2

[Event "Olomoucke sachove leto GM1"]
[Site "Olomouc"]
[Date "2015.08.16"]
[Round "1.5"]
[White "Plat, Vojtech"]
[Black "Ivanov, Mikhail M"]
[Result "1-0"]
[WhiteElo "2458"]
[BlackElo "2408"]
[PlyCount "109"]
[EventDate "2015.??.??"]

1. d4 Nf6 2. Nf3 e6 3. c4 Bb4+ 4. Bd2 a5 5. Nc3 O-O 6. e3 d5 7. Qc2 b6 8. Bd3
dxc4 9. Bxc4 Ba6 10. b3 Be7 11. O-O c5 12. Rfd1 cxd4 13. Nxd4 Qc8 14. Bxa6 Nxa6
15. Rac1 Ba3 16. Ra1 Bc5 17. Be1 Qb7 18. Ndb5 Rfd8 19. a3 Rac8 20. Na4 Be7 21.
Rxd8+ Rxd8 22. Rc1 Nc5 23. Nxc5 Bxc5 24. b4 axb4 25. axb4 Bf8 26. Nd4 b5 27.
Nc6 Ra8 28. e4 h6 29. f3 Ne8 30. e5 Qd7 31. Rd1 Qc7 32. Qe4 Rc8 33. Rc1 Qd7 34.
h3 f5 35. Qc2 Kf7 36. Qd2 Qxd2 37. Bxd2 g5 38. f4 gxf4 39. Bxf4 Bg7 40. Kf2 Bf8
41. Ke2 Rc7 42. Be3 Rd7 43. Bb6 Rd5 44. Ra1 Ng7 45. Ra7+ Kg6 46. Bd8 Nh5 47.
Be7 Ng3+ 48. Ke3 Bg7 49. Bh4 f4+ 50. Kxf4 Nf5 51. g4 Nxh4 52. Ne7+ Kh7 53. Nxd5
Ng6+ 54. Ke3 exd5 55. e6 1-0

[Event "Olomoucke sachove leto GM2"]
[Site "Olomouc"]
[Date "2015.08.16"]
[Round "1.1"]
[White "Kourousis, Epaminondas"]
[Black "Madan, Augustin"]
[Result "1-0"]
[WhiteElo "2421"]
[BlackElo "2296"]
[PlyCount "81"]
[EventDate "2015.??.??"]

1. d4 e6 2. c4 d5 3. Nf3 c6 4. g3 f5 5. Bg2 Nf6 6. O-O Bd6 7. b3 Qe7 8. Bb2 O-O
9. Qc1 a5 10. Ba3 Bb4 11. Ne5 Nbd7 12. Nd3 Bxa3 13. Qxa3 Qxa3 14. Nxa3 Ne4 15.
Rfc1 g5 16. Nc2 b6 17. Nce1 g4 18. cxd5 cxd5 19. Rc6 Re8 20. Nf4 Kf7 21. Rac1
Ba6 22. Rc7 Re7 23. Ned3 Bxd3 24. Nxd3 a4 25. b4 Nd6 26. R7c6 Nb5 27. e3 Rb8
28. Nb2 Na7 29. Rc7 Nb5 30. R7c6 Na7 31. R6c2 a3 32. Nd3 Nb5 33. Rc6 Ree8 34.
Nf4 Rbd8 35. Bf1 Nb8 36. Bxb5 Nxc6 37. Rxc6 Rb8 38. Rc3 Rec8 39. Rxa3 Ra8 40.
Rxa8 Rxa8 41. Bd7 1-0

[Event "Olomoucke sachove leto GM2"]
[Site "Olomouc"]
[Date "2015.08.16"]
[Round "1.2"]
[White "Neuman, Petr"]
[Black "Cerveny, Martin"]
[Result "1/2-1/2"]
[WhiteElo "2464"]
[BlackElo "2399"]
[PlyCount "33"]
[EventDate "2015.??.??"]

1. e4 c5 2. Nf3 d6 3. d4 cxd4 4. Nxd4 Nf6 5. f3 Nc6 6. c4 Qb6 7. Nc2 e6 8. Nc3
a6 9. Qe2 Be7 10. Qf2 Qc7 11. Ne3 O-O 12. Be2 Rb8 13. O-O Nd4 14. b3 b5 15. Bb2
Nxe2+ 16. Qxe2 bxc4 17. Nxc4 1/2-1/2

[Event "Olomoucke sachove leto GM2"]
[Site "Olomouc"]
[Date "2015.08.16"]
[Round "1.3"]
[White "Teske, Henrik"]
[Black "Rydl, Jiri"]
[Result "1-0"]
[WhiteElo "2475"]
[BlackElo "2419"]
[PlyCount "93"]
[EventDate "2015.??.??"]

1. Nf3 d5 2. c4 c6 3. e3 Nf6 4. Nc3 e6 5. b3 Nbd7 6. Bb2 Bd6 7. Qc2 O-O 8. Be2
Re8 9. O-O a6 10. d4 Qe7 11. Rad1 dxc4 12. bxc4 e5 13. c5 Bc7 14. Nd2 exd4 15.
exd4 Nd5 16. Nxd5 cxd5 17. Rfe1 Nf8 18. Bc3 Be6 19. g3 Qd7 20. Bd3 Rab8 21. Rb1
Qc8 22. Nf3 h6 23. Nh4 Nd7 24. Nf5 Nf6 25. f3 Qd7 26. a4 b6 27. Nd6 Bxd6 28.
cxd6 b5 29. axb5 axb5 30. Bb4 Rec8 31. Qe2 Bf5 32. Bc5 Re8 33. Qc2 Bxd3 34.
Qxd3 Re6 35. Re5 Qc6 36. Rxe6 fxe6 37. Kg2 Kf7 38. h4 Nd7 39. Qe3 Nf6 40. g4
Qa6 41. Re1 Qc8 42. g5 hxg5 43. hxg5 Nh5 44. Rh1 g6 45. Rxh5 gxh5 46. Qf4+ Ke8
47. d7+ 1-0

[Event "Olomoucke sachove leto GM2"]
[Site "Olomouc"]
[Date "2015.08.16"]
[Round "1.4"]
[White "Cernousek, Lukas"]
[Black "Plischki, Sebastian"]
[Result "1-0"]
[WhiteElo "2458"]
[BlackElo "2393"]
[PlyCount "117"]
[EventDate "2015.??.??"]

1. d4 Nf6 2. c4 g6 3. g3 Bg7 4. Bg2 O-O 5. Nc3 c5 6. d5 d6 7. Nf3 e6 8. O-O
exd5 9. cxd5 Re8 10. Bf4 Bf5 11. Nh4 Bd7 12. Bxd6 Qb6 13. Bf4 Qxb2 14. Bd2 Qa3
15. Rb1 c4 16. Rxb7 Na6 17. Qc1 Qc5 18. Be3 Qa5 19. Bd4 Nc5 20. Rb2 Rac8 21.
Qa1 Nxd5 22. Bxg7 Nxc3 23. Bxc3 Qxc3 24. Rc1 Qa5 25. Rbc2 Na4 26. Qd4 Be6 27.
Nf3 c3 28. Qh4 Rc4 29. Qh6 f6 30. e4 Qh5 31. Qe3 Qc5 32. Qf4 Kg7 33. Bf1 Rb4
34. a3 Rb6 35. e5 Bb3 36. Re2 fxe5 37. Nxe5 Qd6 38. Rce1 Nc5 39. Qe3 c2 40. Qc3
Kg8 41. Ng4 Rxe2 42. Nh6+ Kf8 43. Rxe2 Ne6 44. Qh8+ Ke7 45. Qxh7+ Ke8 46. Qxg6+
Kd7 47. Rxc2 Bxc2 48. Qxc2 Qxa3 49. Bh3 Qa1+ 50. Kg2 Qe5 51. Bf5 Ke7 52. Ng4
Qc5 53. Qd3 Rd6 54. Qf3 a5 55. h4 Qb5 56. h5 Nd4 57. Qe4+ Kd8 58. h6 Nxf5 59.
h7 1-0

[Event "Olomoucke sachove leto GM2"]
[Site "Olomouc"]
[Date "2015.08.16"]
[Round "1.5"]
[White "Sergeev, Vladimir"]
[Black "Camarena Gimenez, Rufino"]
[Result "1/2-1/2"]
[WhiteElo "2452"]
[BlackElo "2378"]
[PlyCount "128"]
[EventDate "2015.??.??"]

1. d4 Nf6 2. Nf3 g6 3. Bg5 Bg7 4. Nbd2 d5 5. e3 c5 6. c3 Nbd7 7. Be2 O-O 8. O-O
Re8 9. b4 cxb4 10. cxb4 h6 11. Bh4 g5 12. Bg3 Nh5 13. Qb3 Nxg3 14. hxg3 e6 15.
Rac1 Bf8 16. Ne5 Nxe5 17. dxe5 Qb6 18. b5 Bd7 19. Rfd1 Rac8 20. f4 Rxc1 21.
Rxc1 Rc8 22. Rxc8 Bxc8 23. Kf2 Bd7 24. Nf3 Qc7 25. a4 Qc1 26. fxg5 hxg5 27.
Nxg5 Bg7 28. Nf3 Qc7 29. Qb2 b6 30. Bd3 Be8 31. g4 Qc5 32. g5 Bf8 33. Qc2 Qa3
34. Nd4 Bc5 35. Nf3 Kg7 36. Ke2 a6 37. g6 axb5 38. gxf7 Bxf7 39. axb5 Qa1 40.
Qb1 Qxb1 41. Bxb1 Bh5 42. Kf2 Bxf3 43. gxf3 d4 44. e4 d3+ 45. Kg3 d2 46. Bc2
Kf7 47. f4 Ke7 48. Kf3 Bg1 49. Kg2 Be3 50. Kg3 Bg1 51. Bb3 Bd4 52. Kf3 Bg1 53.
Kg2 Be3 54. Kg3 Bd4 55. Bd1 Bg1 56. Bc2 Bd4 57. Kg4 Bg1 58. Kh3 Be3 59. Kg3 Bg1
60. Ba4 Bd4 61. Bb3 Bg1 62. f5 Bd4 63. Kf4 Bg1 64. fxe6 Bc5 1/2-1/2

[Event "Olomoucke sachove leto IM"]
[Site "Olomouc"]
[Date "2015.08.16"]
[Round "1.1"]
[White "Bures, Jaroslav"]
[Black "Zhylkaidarova, Sholpan"]
[Result "1-0"]
[WhiteElo "2384"]
[BlackElo "2145"]
[PlyCount "55"]
[EventDate "2015.??.??"]

1. d4 Nf6 2. c4 e6 3. Nc3 Bb4 4. Qc2 c5 5. dxc5 Bxc5 6. Nf3 Nc6 7. a3 O-O 8.
Bf4 b6 9. Rd1 Bb7 10. b4 Be7 11. e4 Nh5 12. Be3 f5 13. exf5 exf5 14. Bd3 g6 15.
O-O Bf6 16. Nd5 Ne5 17. Be2 Bg7 18. Nxe5 Bxe5 19. Bxh5 gxh5 20. Bh6 Rf7 21. Qe2
d6 22. f4 Bg7 23. Bxg7 Rxg7 24. Qxh5 Qf8 25. Rfe1 Rc8 26. g3 Rf7 27. Re6 Rxc4
28. Re8 1-0

[Event "Olomoucke sachove leto IM"]
[Site "Olomouc"]
[Date "2015.08.16"]
[Round "1.2"]
[White "Malik, Jan"]
[Black "Kozusek, Daniel"]
[Result "1/2-1/2"]
[WhiteElo "2305"]
[BlackElo "2347"]
[PlyCount "52"]
[EventDate "2015.??.??"]

1. e4 c5 2. Nf3 d6 3. d4 cxd4 4. Nxd4 Nf6 5. Nc3 a6 6. Bc4 e6 7. Bb3 Nbd7 8. f4
Nc5 9. Qf3 Be7 10. f5 e5 11. Nde2 b5 12. Bd5 Rb8 13. b4 Ncd7 14. O-O O-O 15.
Ng3 Nb6 16. Nh5 Qc7 17. Nxf6+ Bxf6 18. g4 h6 19. Qg3 Qe7 20. Be3 Bh4 21. Qh3
Bd7 22. Rad1 Rfc8 23. Bxb6 Rxb6 24. Bb3 Bc6 25. Bd5 Be8 26. Bb3 Bc6 1/2-1/2

[Event "Olomoucke sachove leto IM"]
[Site "Olomouc"]
[Date "2015.08.16"]
[Round "1.3"]
[White "Shevchenko, Kirill"]
[Black "Soural, Jan"]
[Result "1-0"]
[WhiteElo "2265"]
[BlackElo "2215"]
[PlyCount "161"]
[EventDate "2015.??.??"]

1. e4 c5 2. Nf3 e6 3. d4 cxd4 4. Nxd4 Nc6 5. Nc3 Qc7 6. Be3 a6 7. Qd2 Nf6 8.
O-O-O Be7 9. f3 b5 10. Kb1 O-O 11. g4 Nxd4 12. Bxd4 Bb7 13. h4 Rac8 14. h5 b4
15. Na4 Nxe4 16. fxe4 Bxe4 17. Rh2 e5 18. Bb6 Qc6 19. b3 Bg5 20. Qxg5 Bxc2+ 21.
Kb2 Bxd1 22. Bc4 h6 23. Qxe5 Rfe8 24. Qf4 d5 25. Bd3 Bxg4 26. Bd4 Re2+ 27. Rxe2
Bxe2 28. Bf5 Rc7 29. Nc5 Bxh5 30. Qh4 Qe8 31. Qxh5 Rxc5 32. Qg4 Qf8 33. Bd3 Rc6
34. Qf5 Rg6 35. Qxd5 Rg5 36. Qe4 f5 37. Qe6+ Kh7 38. Kb1 a5 39. Bc2 Rh5 40. Be5
Rg5 41. Bd4 Rh5 42. Kb2 Rg5 43. Kc1 Rh5 44. Bd3 Rh1+ 45. Kd2 Rh2+ 46. Ke1 Rh5
47. Kf1 Kh8 48. Bc4 Kh7 49. Be5 Rh1+ 50. Ke2 Rh5 51. Bd5 Rg5 52. Bd6 Qh8 53.
Be7 Rg6 54. Qxf5 Qe8 55. Be4 Qxe7 56. Qxg6+ Kg8 57. Qh7+ Kf7 58. Qf5+ Qf6 59.
Qd7+ Kf8 60. Qc8+ Ke7 61. Qc7+ Ke6 62. Qc8+ Ke5 63. Bf3 Kd6 64. Qc6+ Ke7 65.
Qc5+ Qd6 66. Qxa5 Qd4 67. Qc7+ Kf6 68. Qc6+ Ke5 69. Qe8+ Kf4 70. Qf7+ Kg5 71.
Qe7+ Kf5 72. Qf7+ Kg5 73. Qd5+ Qxd5 74. Bxd5 Kf4 75. Kd3 g5 76. Kc4 g4 77. Kxb4
h5 78. a4 h4 79. a5 h3 80. Be6 h2 81. Bd5 1-0

[Event "Olomoucke sachove leto IM"]
[Site "Olomouc"]
[Date "2015.08.15"]
[Round "1.4"]
[White "Biolek, Richard"]
[Black "Jurek, Josef"]
[Result "1/2-1/2"]
[WhiteElo "2447"]
[BlackElo "2285"]
[PlyCount "20"]
[EventDate "2015.??.??"]

1. c4 e6 2. Nc3 d5 3. d4 c6 4. Nf3 Nf6 5. cxd5 exd5 6. Bg5 Be7 7. e3 Bf5 8. Bd3
Bxd3 9. Qxd3 Nbd7 10. O-O O-O 1/2-1/2

[Event "Olomoucke sachove leto IM"]
[Site "Olomouc"]
[Date "2015.08.16"]
[Round "1.5"]
[White "Ovchinnikov, Vsevolod"]
[Black "Paszewski, Mateusz"]
[Result "0-1"]
[WhiteElo "2224"]
[BlackElo "2292"]
[PlyCount "110"]
[EventDate "2015.??.??"]

1. d4 d5 2. c4 c6 3. Nf3 Nf6 4. Nc3 e6 5. Bg5 dxc4 6. e4 b5 7. e5 h6 8. Bh4 g5
9. Nxg5 hxg5 10. Bxg5 Nbd7 11. g3 Qb6 12. exf6 Bb7 13. Bg2 c5 14. d5 O-O-O 15.
O-O b4 16. Na4 Qb5 17. a3 exd5 18. axb4 cxb4 19. Qg4 d4 20. Bxb7+ Kxb7 21. Qe4+
Qc6 22. Qxd4 Bd6 23. Rfe1 Rde8 24. Rxe8 Rxe8 25. Be3 Bb8 26. Qxd7+ Qxd7 27.
Nc5+ Kc8 28. Nxd7 Kxd7 29. Bc5 a5 30. Rxa5 Bd6 31. Kf1 b3 32. Ra7+ Kc6 33. Bd4
Bb4 34. Ra6+ Kd5 35. Bc3 Bxc3 36. bxc3 Rb8 37. Ra1 Ke5 38. Ke2 Kxf6 39. Ke3 Rd8
40. Ra6+ Kg7 41. Rb6 Rd3+ 42. Ke2 Rxc3 43. Rb4 Rc2+ 44. Kd1 Rxf2 45. Kc1 Rc2+
46. Kb1 Kf6 47. h4 Ke5 48. Rb7 Rf2 49. h5 Kd4 50. Rd7+ Kc3 51. Rd1 Kb4 52. Rd4
Ka3 53. Rxc4 Rf1+ 54. Rc1 Rxc1+ 55. Kxc1 Ka2 0-1

[Event "Olomoucke sachove leto Open Olomouc"]
[Site "Olomouc"]
[Date "2015.08.16"]
[Round "1.1"]
[White "Krejci, Jan"]
[Black "Kucera, Jiri"]
[Result "1-0"]
[WhiteElo "2506"]
[BlackElo "1937"]
[PlyCount "47"]
[EventDate "2015.08.15"]

1. e4 e5 2. Nf3 d6 3. d4 Nf6 4. dxe5 Nxe4 5. Bc4 c6 6. Nbd2 Nc5 7. O-O d5 8.
Be2 Be7 9. Re1 O-O 10. Nf1 Be6 11. Nd4 Nba6 12. Ng3 Re8 13. Be3 f6 14. Bxa6
bxa6 15. Nxc6 Qc7 16. Nxe7+ Rxe7 17. exf6 gxf6 18. Bd4 Rf8 19. Qf3 Qd6 20. Qa3
Ne4 21. Qxd6 Nxd6 22. Bc5 Rd8 23. Bxd6 Rxd6 24. Nf5 1-0

[Event "Olomoucke sachove leto Open Olomouc"]
[Site "Olomouc"]
[Date "2015.08.16"]
[Round "1.2"]
[White "Labus, Zbigniew"]
[Black "Studnicka, Tomas"]
[Result "0-1"]
[WhiteElo "1928"]
[BlackElo "2383"]
[PlyCount "90"]
[EventDate "2015.08.15"]

1. Nf3 c5 2. c4 Nc6 3. Nc3 Nf6 4. g3 d5 5. cxd5 Nxd5 6. Bg2 Nc7 7. O-O e5 8. a3
f6 9. e3 Be7 10. Re1 O-O 11. Qc2 Kh8 12. d3 Bf5 13. Ne4 Na6 14. Bd2 Rc8 15.
Red1 Qb6 16. Be1 Na5 17. Bxa5 Qxa5 18. Qc3 Qb5 19. Nfd2 Bg4 20. Bf3 Be6 21. Nc4
Rcd8 22. h4 b6 23. Be2 Qc6 24. Rac1 Nc7 25. Ncd2 Qe8 26. Qc2 Nd5 27. Nc3 f5 28.
Nxd5 Bxd5 29. e4 Bb7 30. Nc4 f4 31. Bg4 b5 32. Na5 Ba8 33. Qe2 fxg3 34. fxg3 c4
35. dxc4 Bc5+ 36. Kg2 Rf2+ 37. Qxf2 Bxf2 38. Kxf2 Bxe4 39. cxb5 Rxd1 40. Rxd1
h5 41. Be2 Qb8 42. Nc6 Qb6+ 43. Kf1 Qe3 44. Rd8+ Kh7 45. Bc4 Qc1+ 0-1

[Event "Olomoucke sachove leto Open Olomouc"]
[Site "Olomouc"]
[Date "2015.08.16"]
[Round "1.3"]
[White "Klima, Lukas"]
[Black "Baasansuren, Erdene"]
[Result "1/2-1/2"]
[WhiteElo "2339"]
[BlackElo "1923"]
[PlyCount "75"]
[EventDate "2015.08.15"]

1. e4 c5 2. Nf3 d6 3. d4 cxd4 4. Nxd4 Nf6 5. Nc3 a6 6. Be2 e5 7. Nb3 Be7 8. O-O
O-O 9. Be3 Be6 10. Qd2 Nbd7 11. a4 Qc7 12. Rfd1 Rfc8 13. a5 Qc6 14. f3 Nf8 15.
Rac1 Ng6 16. Nd5 Bxd5 17. exd5 Qa4 18. Ra1 Qh4 19. c4 Nd7 20. c5 dxc5 21. d6
Bd8 22. Rac1 b6 23. axb6 Bxb6 24. Bc4 h6 25. Qe2 a5 26. Bb5 Ngf8 27. Rc4 Qd8
28. Bf2 Ne6 29. Qe4 Nd4 30. Nxd4 cxd4 31. Bc6 Rab8 32. Rdc1 Nc5 33. Qd5 Nd3 34.
Be8 Nxc1 35. Qxf7+ Kh8 36. Qf8+ Kh7 37. Qf5+ Kh8 38. Qf8+ 1/2-1/2

[Event "Olomoucke sachove leto Open Olomouc"]
[Site "Olomouc"]
[Date "2015.08.16"]
[Round "1.4"]
[White "Ruzicka, Marek"]
[Black "Straka, Vojtech"]
[Result "1/2-1/2"]
[WhiteElo "1921"]
[BlackElo "2322"]
[PlyCount "93"]
[EventDate "2015.08.15"]

1. e4 c5 2. Nf3 g6 3. d4 cxd4 4. Nxd4 Nc6 5. Be3 Nf6 6. Nc3 Bg7 7. Be2 O-O 8.
Qd2 d5 9. exd5 Nxd5 10. Nxc6 bxc6 11. Bd4 Bxd4 12. Qxd4 Qa5 13. Qa4 Qc5 14.
Nxd5 cxd5 15. O-O Rb8 16. b3 e5 17. c3 Be6 18. Rac1 Rfc8 19. h3 Rc7 20. Rfd1
Rbc8 21. Ba6 Rd8 22. Bf1 Kg7 23. Qb5 Qe7 24. Qe2 Qg5 25. Qe3 Qxe3 26. fxe3 Rdc8
27. Ba6 Rb8 28. Rd2 Rb6 29. Bd3 f5 30. Rdc2 Kf6 31. c4 dxc4 32. Bxc4 Rbc6 33.
Bd3 Rxc2 34. Rxc2 Rxc2 35. Bxc2 Ke7 36. h4 Kd6 37. Kf2 Kc5 38. a3 a5 39. g3 h6
40. Bd1 g5 41. hxg5 hxg5 42. Bc2 f4 43. gxf4 exf4 44. exf4 gxf4 45. Kf3 Kd4 46.
Kxf4 Kc3 47. b4 1/2-1/2

[Event "Olomoucke sachove leto Open Olomouc"]
[Site "Olomouc"]
[Date "2015.08.15"]
[Round "1.6"]
[White "Hajek, Zdenek"]
[Black "Karlik, Vladimir"]
[Result "0-1"]
[WhiteElo "1902"]
[BlackElo "2251"]
[PlyCount "60"]
[EventDate "2015.08.15"]

1. e4 g6 2. d4 Bg7 3. Nc3 c6 4. g3 d5 5. Be3 Nf6 6. Bg2 dxe4 7. Nxe4 Nxe4 8.
Bxe4 Nd7 9. c3 Nf6 10. Bg2 O-O 11. Nf3 Be6 12. O-O a5 13. Re1 a4 14. Bf4 Nd5
15. Bg5 a3 16. Qd2 axb2 17. Qxb2 Qc7 18. Re2 Ra6 19. Qd2 Rfa8 20. Rc1 h6 21. c4
Rxa2 22. Qe1 Rxe2 23. Qxe2 hxg5 24. cxd5 Bxd5 25. Nxg5 Bxg2 26. Kxg2 Qd6 27.
Rd1 Qd5+ 28. Nf3 Ra3 29. Rd3 Rxd3 30. Qxd3 e5 0-1

[Event "Olomoucke sachove leto Open Olomouc"]
[Site "Olomouc"]
[Date "2015.08.15"]
[Round "1.7"]
[White "Chkhaidze, Nikoloz"]
[Black "Jenssen, Ove"]
[Result "1-0"]
[WhiteElo "2225"]
[BlackElo "1894"]
[PlyCount "91"]
[EventDate "2015.08.15"]

1. Nf3 Nf6 2. c4 c6 3. d4 d5 4. e3 e6 5. Nc3 Bd6 6. Bd3 Nbd7 7. O-O O-O 8. e4
dxe4 9. Nxe4 Nxe4 10. Bxe4 f5 11. Bc2 e5 12. Ng5 Nf6 13. c5 Bc7 14. dxe5 Bxe5
15. Qe2 Bc7 16. Re1 Re8 17. Qxe8+ Qxe8 18. Rxe8+ Nxe8 19. Bb3+ Kh8 20. Nf7+ Kg8
21. Bg5 Nf6 22. Re1 Kf8 23. Nd6 Bd7 24. Bxf6 gxf6 25. Nxb7 Be5 26. Re2 f4 27.
Nd6 a5 28. Nc4 Re8 29. Nxa5 f3 30. gxf3 Bxh2+ 31. Kf1 Rxe2 32. Kxe2 Be5 33. Nc4
Bd4 34. Bc2 h5 35. b4 Bc8 36. Be4 Ba6 37. Kd3 Bxf2 38. Bxc6 h4 39. b5 Bxb5 40.
Bxb5 Bxc5 41. Bd7 Ke7 42. Bh3 Kd8 43. Ke4 Kc7 44. Kd5 Bb4 45. Ke6 Bc3 46. Ne3
1-0

[Event "Olomoucke sachove leto Open Olomouc"]
[Site "Olomouc"]
[Date "2015.08.15"]
[Round "1.8"]
[White "Kamarad, Frantisek"]
[Black "Kratochvil, Vit"]
[Result "0-1"]
[WhiteElo "1886"]
[BlackElo "2217"]
[PlyCount "78"]
[EventDate "2015.08.15"]

1. d4 g6 2. c4 Bg7 3. Nc3 c5 4. Nf3 cxd4 5. Nxd4 Nc6 6. Nxc6 bxc6 7. e4 d6 8.
Be3 Nf6 9. f3 O-O 10. Be2 Rb8 11. Qd2 Qa5 12. O-O Rd8 13. f4 Bg4 14. Rfd1 Bxe2
15. Qxe2 Rxb2 16. Qxb2 Nxe4 17. Bd4 Bxd4+ 18. Rxd4 Nxc3 19. Qd2 Qc5 20. Kf1 Na4
21. Re1 Rd7 22. Rde4 e6 23. Rb1 Nb6 24. Qc3 d5 25. Rd4 f6 26. Rc1 e5 27. fxe5
fxe5 28. Rd3 e4 29. Rd4 Rf7+ 30. Ke2 Nxc4 31. Rf1 Rxf1 32. Kxf1 Qb5 33. Kf2 Ne5
34. Rd2 e3+ 35. Kxe3 Nc4+ 36. Ke2 Nxd2+ 37. Kxd2 c5 38. Qe5 Qb4+ 39. Ke3 Qe1+
0-1

[Event "Olomoucke sachove leto Open Olomouc"]
[Site "Olomouc"]
[Date "2015.08.15"]
[Round "1.9"]
[White "Zhou, Guijue"]
[Black "Kalinowska, Zuzanna"]
[Result "1-0"]
[WhiteElo "2207"]
[BlackElo "1876"]
[PlyCount "87"]
[EventDate "2015.08.15"]

1. e4 e6 2. Qe2 c5 3. g3 Nc6 4. Nf3 d6 5. Bg2 Nf6 6. O-O Be7 7. c3 O-O 8. d4
cxd4 9. cxd4 d5 10. e5 Nd7 11. Nc3 Nb6 12. h4 Bd7 13. Rd1 Na5 14. Bg5 Na4 15.
Nxa4 Bxa4 16. b3 Bd7 17. Qd2 Nc6 18. Rac1 a5 19. Bxe7 Qxe7 20. h5 h6 21. Rc3
Rfc8 22. Bf1 Qb4 23. Bd3 Ne7 24. Rdc1 Rxc3 25. Rxc3 Rc8 26. Rxc8+ Nxc8 27. Qxb4
axb4 28. Ne1 Na7 29. Nc2 Bb5 30. Bxb5 Nxb5 31. Kg2 Kf8 32. Kf3 Ke7 33. Ke3 Kd7
34. Nxb4 Kc7 35. a4 Na7 36. Kd3 Kb6 37. Kc3 Ka5 38. Nd3 b5 39. Nc5 bxa4 40.
bxa4 Nc6 41. f4 Nd8 42. g4 g5 43. fxg5 hxg5 44. h6 1-0

[Event "Olomoucke sachove leto Open Olomouc"]
[Site "Olomouc"]
[Date "2015.08.15"]
[Round "1.10"]
[White "Kabelka, Ondrej"]
[Black "Trenner, Rolf"]
[Result "1-0"]
[WhiteElo "1855"]
[BlackElo "2189"]
[PlyCount "145"]
[EventDate "2015.08.15"]

1. d4 Nf6 2. c4 g6 3. Nc3 d5 4. cxd5 Nxd5 5. e4 Nxc3 6. bxc3 c5 7. Bc4 Bg7 8.
Ne2 O-O 9. O-O Nc6 10. Be3 Qc7 11. Rc1 Rd8 12. Bf4 e5 13. Bg5 Rd7 14. d5 a6 15.
Qa4 Na5 16. d6 Rxd6 17. Qe8+ Bf8 18. Bd5 Qd7 19. Qxe5 Nc6 20. Qg3 Qe8 21. Rcd1
Be6 22. Nf4 Rc8 23. Nh5 Be7 24. Qxd6 Bxg5 25. Bxe6 fxe6 26. Nf4 Kf7 27. Nd3 Be7
28. Qg3 Qh8 29. f4 Ke8 30. Ne5 Nd8 31. Qd3 Rc7 32. Nc4 Qf8 33. f5 exf5 34. exf5
gxf5 35. Rxf5 Qh6 36. Qd5 Qe6 37. Qxe6 Nxe6 38. Re5 Nd8 39. Nd6+ Kf8 40. Rf1+
Kg8 41. Ne8 Rd7 42. Nf6+ Bxf6 43. Rxf6 Kg7 44. Rf3 Rd1+ 45. Kf2 Kg6 46. h4 Rd2+
47. Re2 Rd7 48. Re8 Kg7 49. Re5 Rd2+ 50. Kg3 h6 51. Rxc5 Rxa2 52. Rc7+ Kg6 53.
Rd7 Nc6 54. Re3 Rb2 55. Re6+ Kf5 56. Rxh6 Rb3 57. Rd3 a5 58. Rh5+ Ke6 59. Rc5
a4 60. Rc4 a3 61. Ra4 Ne5 62. Re3 Kf5 63. Rf4+ Ke6 64. Rfe4 Rb5 65. Ra4 Kf5 66.
Rxa3 Nc4 67. Rf3+ Kg6 68. Ra4 Ne5 69. Re3 Rc5 70. Kf4 Nc4 71. Re7 Rf5+ 72. Kg3
b5 73. Ra6+ 1-0

[Event "Olomoucke sachove leto Open Olomouc"]
[Site "Olomouc"]
[Date "2015.08.15"]
[Round "1.11"]
[White "Havelka, Jan"]
[Black "Travnicek, Jaroslav"]
[Result "1-0"]
[WhiteElo "2178"]
[BlackElo "1822"]
[PlyCount "51"]
[EventDate "2015.08.15"]

1. d4 Nf6 2. Nf3 d5 3. Bf4 e6 4. e3 Bd6 5. Bg3 O-O 6. Nbd2 b6 7. Bd3 Nbd7 8.
Ne5 Bb7 9. f4 Bxe5 10. fxe5 Ne4 11. Nf3 c5 12. Bh4 Qe8 13. O-O c4 14. Bxe4 dxe4
15. Nd2 Bd5 16. Qg4 Kh8 17. Nxe4 Bxe4 18. Qxe4 f5 19. exf6 Nxf6 20. Bxf6 Rxf6
21. Rxf6 gxf6 22. Rf1 f5 23. Qe5+ Kg8 24. Rf3 Qf7 25. Rg3+ Kf8 26. Qh8+ 1-0

[Event "Olomoucke sachove leto Open senioru"]
[Site "Olomouc"]
[Date "2015.08.15"]
[Round "1.1"]
[White "Heppell, Ian"]
[Black "Malinovsky, Leo"]
[Result "1-0"]
[WhiteElo "2092"]
[BlackElo "1732"]
[PlyCount "83"]
[EventDate "2015.08.15"]

1. e4 c5 2. Nf3 d6 3. Bb5+ Bd7 4. Bxd7+ Nxd7 5. O-O Ngf6 6. Re1 e5 7. c3 a6 8.
d4 Qc7 9. Bg5 Be7 10. Nbd2 O-O 11. Rc1 Rfe8 12. Qb3 b5 13. Nf1 c4 14. Qd1 h6
15. Bd2 Kh7 16. Ng3 g6 17. h4 Rg8 18. Qe2 Qd8 19. Rcd1 Ng4 20. h5 Bh4 21. Ng5+
Bxg5 22. Qxg4 Bxd2 23. Rxd2 Nf6 24. Qf3 Qe7 25. Red1 Nd7 26. Qg4 Rad8 27. f4
Nf6 28. Qf3 gxh5 29. dxe5 Rxg3 30. exf6 Qa7+ 31. Qf2 Qxf2+ 32. Kxf2 Rdg8 33.
Kf1 h4 34. Rf2 h3 35. gxh3 Rg1+ 36. Ke2 Rxd1 37. Kxd1 Rg3 38. Rd2 Rxh3 39. Rxd6
Rd3+ 40. Rxd3 cxd3 41. Kd2 Kg6 42. e5 1-0